000 00926nas a2200301 4500
001 BR9705274
003 BR-BrBNA
005 20231205100622.0
007 ta
008 230509b bl.|||p| |||| 00| 00por d
040 _aBR-BrBNA
_bpor
_cBiblioteca Nacional de Agricultura
041 _a(Pt)
072 _aL53; L70
100 1 _aCosta, E.P.
100 1 _aVale Filho, V.R.
100 1 _aNogueira, J.C.
100 1 _aFerreira, A.M.
100 1 _aCosta, A.H.A.
245 1 _aTecnica para avaliacao do estadio de maturacao nuclear de ovocitos bovinos cultivados in vitro
650 _aBovino
650 _aOvulacao
650 _aFecundacao
650 _aMaturacao
650 _aAnalise de Laboratorio
773 0 _tArquivo Brasileiro de Medicina Veterinaria e Zootecnia (Brazil)
_xISSN 0102-0935
_g(Aug 1997), v. 49(4) p. 433-440
_wBR9705274
909 _a202311
_bLúcia
_c55
_dLúcia Elande
942 _2AGRIS
_n0
_cANA
999 _c157043
_d157043